000
00353nam a2200145Ia 4500
008
191206s9999 xx 000 0 und d
020
_a
0312045735 :
090
_a
PR6057.R55
245
0
_a
Over the sea to die
250
_a
1st U.S. ed.
260
_a
St. Martin's
260
_c
c1990
300
_a
220 p. : 1 map ; 22 cm.
999
_c
16633
_d
16633